[Event "Rheinland Pfalz op 11th"]
[Site "Weilerbach"]
[Date "2019.06.23"]
[Round "7"]
[White "Halabi, Ibrahim"]
[Black "Bex, Lennert"]
[Result "1/2-1/2"]
[WhiteElo "1722"]
[BlackElo "1952"]
[PlyCount "47"]
[EventDate "2019.06.20"]
[EventType "swiss"]
[EventRounds "7"]
[EventCountry "GER"]
[SourceTitle "CBM 191 Extra"]
[Source "ChessBase"]
[SourceDate "2019.09.30"]
[SourceVersion "1"]
[SourceVersionDate "2019.09.30"]
[SourceQuality "1"]

1. e4 c5 2. Nf3 Nc6 3. d4 cxd4 4. Nxd4 g6 5. Nc3 Bg7 6. Be3 Nf6 7. Bc4 a6 8. Bb3 Qa5 9. 0-0 0-0 10. h3 Qh5 11. Qd2 b5 12. Bd5 Bb7 13. Nde2 Nxd5 14. exd5 Ne5 15. b3 b4 16. Ne4 Nf3+ 17. gxf3 Bxa1 18. Rxa1 Qxf3 19. Qxb4 Bxd5 20. N2c3 Bc6 21. Bh6 Rfe8 22. Qd4 f6 23. Qc4+ e6 24. Qd3 1/2-1/2

[Event "Helsingor Xtracon op"]
[Site "Helsingor"]
[Date "2017.07.27"]
[Round "7"]
[White "Larsen, Hans Haagen"]
[Black "Bex, Lennert"]
[Result "1-0"]
[WhiteElo "1627"]
[BlackElo "1900"]
[PlyCount "55"]
[EventDate "2017.07.22"]
[EventType "swiss"]
[EventRounds "10"]
[EventCountry "DEN"]
[SourceTitle "CBM 179 Extra"]
[Source "ChessBase"]
[SourceDate "2017.08.23"]
[SourceVersion "1"]
[SourceVersionDate "2017.08.23"]
[SourceQuality "1"]

1. e4 d6 2. d4 Nf6 3. Nc3 g6 4. f4 Bg7 5. Nf3 0-0 6. Bd3 c5 7. dxc5 dxc5 8. 0-0 Nc6 9. Be3 b6 10. Qe2 Ng4 11. Bd2 e5 12. h3 Nf6 13. Rad1 exf4 14. Bxf4 Nh5 15. Bh2 Nd4 16. Qf2 f5 17. Bc4+ Kh8 18. Nb5 fxe4 19. Nbxd4 cxd4 20. Ne5 Rxf2 21. Rxf2 Qc7 22. Nf7+ Qxf7 23. Rxf7 d3 24. cxd3 exd3 25. Bd5 Bb7 26. Rxb7 Bd4+ 27. Kh1 Re8 28. Rb8 1-0

[Event "BEL-ch U18"]
[Site "Blankenberge"]
[Date "2014.04.19"]
[Round "9"]
[White "Bex, Lennert"]
[Black "Barbier, Astrid"]
[Result "1/2-1/2"]
[WhiteElo "1873"]
[BlackElo "1775"]
[PlyCount "58"]
[EventDate "2014.04.??"]
[EventType "swiss"]
[EventRounds "9"]
[EventCountry "BEL"]
[SourceTitle "EXT 2015"]
[Source "ChessBase"]
[SourceDate "2014.11.20"]
[SourceVersion "1"]
[SourceVersionDate "2014.11.20"]
[SourceQuality "1"]

1. c4 c5 2. g3 g6 3. Bg2 Bg7 4. Nc3 Nc6 5. e3 e5 6. Nge2 Nge7 7. 0-0 0-0 8. b3 Rb8 9. Ba3 d6 10. Rc1 a6 11. Nd5 b5 12. Nxe7+ Nxe7 13. d4 b4 14. Bb2 Qc7 15. a3 a5 16. axb4 axb4 17. f4 Bb7 18. fxe5 dxe5 19. Bxb7 Rxb7 20. d5 Nf5 21. Qd3 Bh6 22. Rf3 Re8 23. Qe4 Ra7 24. Re1 Qe7 25. Nc1 Nd6 26. Qc2 e4 27. Rf6 Qd7 28. Kh1 Nf5 29. Qf2 Rc8 1/2-1/2

[Event "BEL-ch U18"]
[Site "Blankenberge"]
[Date "2014.04.16"]
[Round "6"]
[White "Bex, Lennert"]
[Black "Van de Vaerd, Miguel"]
[Result "1/2-1/2"]
[WhiteElo "1873"]
[BlackElo "1876"]
[PlyCount "67"]
[EventDate "2014.04.??"]
[EventType "swiss"]
[EventRounds "9"]
[EventCountry "BEL"]
[SourceTitle "EXT 2015"]
[Source "ChessBase"]
[SourceDate "2014.11.20"]
[SourceVersion "1"]
[SourceVersionDate "2014.11.20"]
[SourceQuality "1"]

1. c4 e5 2. g3 Nf6 3. Bg2 Nc6 4. Nc3 Bc5 5. e3 a6 6. Nge2 d6 7. 0-0 0-0 8. b3 Bf5 9. d3 Qd7 10. Nd5 Nxd5 11. cxd5 Ne7 12. Bb2 Bh3 13. d4 Bxg2 14. Kxg2 exd4 15. Bxd4 Nxd5 16. Bxg7 Nxe3+ 17. fxe3 Kxg7 18. Nd4 Kh8 19. Qf3 Bxd4 20. exd4 Qb5 21. a4 Qg5 22. Ra2 c6 23. Re2 Kg8 24. Re4 h5 25. Rf4 f6 26. Rf2 Rae8 27. Rf5 Qg6 28. h4 d5 29. Rxf6 Rxf6 30. Qxf6 Qxf6 31. Rxf6 Kg7 32. Rd6 Re7 33. Kf2 a5 34. Rd8 1/2-1/2

[Event "BEL-ch U18"]
[Site "Blankenberge"]
[Date "2014.04.13"]
[Round "1"]
[White "Wertz, Clara"]
[Black "Bex, Lennert"]
[Result "0-1"]
[WhiteElo "1656"]
[BlackElo "1873"]
[PlyCount "70"]
[EventDate "2014.04.??"]
[EventType "swiss"]
[EventRounds "9"]
[EventCountry "BEL"]
[SourceTitle "EXT 2015"]
[Source "ChessBase"]
[SourceDate "2014.11.20"]
[SourceVersion "1"]
[SourceVersionDate "2014.11.20"]
[SourceQuality "1"]

1. e4 c6 2. d4 d5 3. e5 Bf5 4. Nf3 e6 5. Bd3 Bg6 6. 0-0 c5 7. Bxg6 hxg6 8. c3 Nc6 9. a3 Nh6 10. b4 b6 11. b5 Na5 12. Nbd2 Nf5 13. Bb2 g5 14. g4 Nh4 15. Bc1 Ng6 16. Nb3 Nxb3 17. Qxb3 Nf4 18. Qd1 Be7 19. Be3 Ng6 20. Qd2 Nh4 21. Nxh4 Rxh4 22. f3 f6 23. exf6 gxf6 24. Bf2 Rh6 25. Rfe1 Kf7 26. Qe2 Qd7 27. Bg3 Bd6 28. Qf2 Rah8 29. Re2 Bxg3 30. Qxg3 Rh3 31. Qf2 Qd6 32. Raa2 Rxh2 33. Qxh2 Rxh2 34. Rxh2 Qg3+ 35. Rag2 Qf4 0-1

[Event "Maastricht Limburg op-B 6th"]
[Site "Maastricht"]
[Date "2012.05.28"]
[Round "7"]
[White "Blijlevens, Pim"]
[Black "Bex, Lennert"]
[Result "1-0"]
[WhiteElo "1920"]
[BlackElo "1739"]
[PlyCount "91"]
[EventDate "2012.05.25"]
[EventType "swiss"]
[EventRounds "7"]
[EventCountry "NED"]
[SourceTitle "EXT 2013"]
[Source "ChessBase"]
[SourceDate "2012.11.22"]
[SourceVersion "1"]
[SourceVersionDate "2012.11.22"]
[SourceQuality "1"]

1. d4 d6 2. c4 e5 3. Nf3 Nd7 4. e4 Be7 5. Nc3 c6 6. Be3 exd4 7. Nxd4 Ne5 8. h3 Bd7 9. Be2 Bg5 10. Qd2 Bxe3 11. Qxe3 Ne7 12. 0-0 Qc7 13. Rab1 0-0 14. f4 N5g6 15. f5 Ne5 16. f6 N7g6 17. fxg7 Rfe8 18. Nf5 Bxf5 19. exf5 Ne7 20. f6 N7g6 21. Qh6 Qb6+ 22. Kh1 Qd4 23. Rbd1 Qh4 24. Qxh4 Nxh4 25. Rxd6 Rab8 26. g3 Nhg6 27. h4 h5 28. Rf5 Ng4 29. Bxg4 hxg4 30. Rd4 Re5 31. Rxe5 Nxe5 32. Ne4 Kh7 33. Nf2 c5 34. Rd5 Re8 35. Nd3 Nxd3 36. Rxd3 Kg6 37. Rd5 Kxf6 38. Rg5 Rg8 39. Rxg4 a6 40. a4 b6 41. Kg2 Kf5 42. h5 Kxg4 43. h6 a5 44. h7 Rxg7 45. h8Q Rg6 46. Qe8 1-0